La Educación superior ante los retos del siglo XXI /

Salvato in:
Dettagli Bibliografici
Autore principale: Persico, Pablo
Enti autori: CEP, CPU, FLACSO
Altri autori: Basso, Patricio, Cáseres, Eugenio, Gazmuri, Pedro, Granados, Sergio
Natura: testo
Pubblicazione: Santiago: CPU
Tags: Aggiungi Tag
Nessun Tag, puoi essere il primo ad aggiungerne!!

MARC

LEADER 00000 a a2200000 04500
001 23200
003
040
090 |a 159400  
100 |a Persico, Pablo  
110 |a CEP  
245 |a La Educación superior ante los retos del siglo XXI /  |c CEP  
260 |a Santiago:   |b CPU  
300 |a 9 p; vol. III  
700 |a   
700 |a Basso, Patricio  
700 |a Cáseres, Eugenio  
700 |a Gazmuri, Pedro  
700 |a Granados, Sergio  
710 |a CPU  
710 |a FLACSO  
999 |c 13606  |d 13606